Das Deutsche Lichtbild (Record no. 5467)

MARC details
000 -CABECERA
campo de control de longitud fija 00537nam a2200205 a 4500
001 - NÚMERO DE CONTROL
campo de control BRCA_5778
005 - FECHA Y HORA DE LA ÚLTIMA TRANSACCIÓN
campo de control 20190320205219.0
008 - DATOS DE LONGITUD FIJA--INFORMACIÓN GENERAL
campo de control de longitud fija 090311t1931----gw-a######---#000-0#ger-#
041 ## - CÓDIGO DE LENGUA
Código de lengua del texto/banda sonora o título independiente ger
044 ## - CÓDIGO DEL PAÍS DE LA ENTIDAD EDITORA/PRODUCTORA
Código MARC del país gw
050 #4 - SIGNATURA TOPOGRÁFICA DE LA BIBLIOTECA DEL CONGRESO
Número de clasificación TR73
Número de documento/Ítem .S54
-- 1931
100 1# - ENTRADA PRINCIPAL--NOMBRE DE PERSONA
Nombre de persona Sieker, Hugo.
9 (RLIN) 14658
245 10 - MENCIÓN DE TÍTULO
Título Das Deutsche Lichtbild
Resto del título Jahresschau 1932.
260 ## - PUBLICACIÓN, DISTRIBUCIÓN, ETC.
Lugar de publicación, distribución, etc. Berlin
Nombre del editor, distribuidor, etc. Robert and Bruno Schultz.
Fecha de publicación, distribución, etc. 1931
300 ## - DESCRIPCIÓN FÍSICA
Extensión 88 p.
Otras características físicas ils., 180 láminas.
Dimensiones 28 cm.
500 ## - NOTA GENERAL
Nota general H79
650 14 - PUNTO DE ACCESO ADICIONAL DE MATERIA--TÉRMINO DE MATERIA
Término de materia o nombre geográfico como elemento de entrada Fotografía
Subdivisión geográfica Berlin
9 (RLIN) 14517
902 ## - CATALOGADOR
Iniciales GFM
942 ## - ELEMENTOS DE PUNTO DE ACCESO ADICIONAL (KOHA)
Fuente del sistema de clasificación o colocación Library of Congress Classification
Tipo de ítem Koha Libros
Holdings
Estado de retiro Estado de pérdida Estado dañado No para préstamo Localización permanente Ubicación/localización actual Fecha de adquisición Número de inventario Total de préstamos Signatura topográfica completa Código de barras Fecha visto por última vez Precio válido a partir de Tipo de ítem Koha
El ejemplar forma parte de la colección y puede ser consultado según las políticas vigentes.       Biblioteca del Museo Franz Mayer (Rogerio Casas-Alatriste) Biblioteca del Museo Franz Mayer (Rogerio Casas-Alatriste) 09/03/2011 H79   TR73 .S54 1931 (H79) 6217 22/03/2019 22/03/2019 Libros